007500000a22002410004500003001100000005001700011008004100028020001500069040003900084041000800123082001300131100002200144245009100166260004100257490001800298650001000316650002200326650001900348700002900367942000700396952009000403999001500493LK-CoMWRAF20230921225821.0230817t2003 ||||| |||| 00| 0 eng d a8187570644 aLK-CoMWRAFdLK-CoMWRAFeLK-CoMWRAF aeng a297bKHA aKhan, Saniyasnain aThe Prophet Yusuf :bThe story's message, why it's so important and what it teaches me aNew Delhi (India) :bGoodword,c2003 aTell Me About aIslam aProphecy -- Islam aIslam Prophets aMaitra, Susan Bradyeed. cBK 00104070aMAINbMAINd2023-08-17l0o297.6 KHApRAF1242r2023-08-17w2023-08-17yBK c1499d1499